[Event "CZE-chT U18 Extraliga West 1617"]
[Site "Czech Republic"]
[Date "2017.01.21"]
[Round "7.5"]
[White "Vilimova, Julie"]
[Black "Hradecky, Ondrej"]
[Result "1-0"]
[WhiteElo "1861"]
[BlackElo "1704"]
[PlyCount "33"]
[EventDate "2016.10.01"]
[EventType "team-tourn"]
[EventRounds "11"]
[EventCountry "CZE"]
[SourceTitle "EXT 2022"]
[Source "ChessBase"]
[SourceDate "2021.10.06"]
[SourceVersion "1"]
[SourceVersionDate "2021.10.06"]
[SourceQuality "1"]
[WhiteTeam "Ricany U18"]
[BlackTeam "Liberec Desko U18"]
[WhiteTeamCountry "CZE"]
[BlackTeamCountry "CZE"]

1. d4 d5 2. Nf3 Nf6 3. Bf4 e6 4. e3 c5 5. c3 Nc6 6. Bd3 Be7 7. Nbd2 b6 8. Ne5 Bb7 9. Ndf3 0-0 10. h4 Nh5 11. Nxc6 Bxc6 12. Bxh7+ Kxh7 13. Ng5+ Bxg5 14. hxg5 g6 15. Rxh5+ gxh5 16. Qxh5+ Kg7 17. Be5+ 1-0

[Event "CZE-chT U18 Extraliga West 1617"]
[Site "Czech Republic"]
[Date "2016.10.02"]
[Round "3.4"]
[White "Janska, Jitka"]
[Black "Hradecky, Ondrej"]
[Result "1-0"]
[WhiteElo "2101"]
[BlackElo "1704"]
[PlyCount "59"]
[EventDate "2016.10.01"]
[EventType "team-tourn"]
[EventRounds "11"]
[EventCountry "CZE"]
[SourceTitle "EXT 2022"]
[Source "ChessBase"]
[SourceDate "2021.10.06"]
[SourceVersion "1"]
[SourceVersionDate "2021.10.06"]
[SourceQuality "1"]
[WhiteTeam "Klatovy U18"]
[BlackTeam "Liberec Desko U18"]
[WhiteTeamCountry "CZE"]
[BlackTeamCountry "CZE"]

1. e4 e5 2. Nf3 Nc6 3. Bc4 Bc5 4. c3 Nf6 5. d4 exd4 6. cxd4 Bb4+ 7. Nbd2 Nxe4 8. d5 Nxd2 9. Bxd2 Bxd2+ 10. Qxd2 Ne7 11. 0-0 d6 12. Rac1 Bf5 13. Qg5 0-0 14. Rfe1 f6 15. Qe3 Re8 16. Nd4 Qd7 17. Qf3 Bg4 18. Qg3 a6 19. Bb3 h5 20. Qc3 Rac8 21. h3 Bf5 22. Qg3 g6 23. Qf4 Kg7 24. f3 g5 25. Rxe7+ Rxe7 26. Qxf5 Rf7 27. Bc2 Qxf5 28. Bxf5 Re8 29. Be6 Rff8 30. Rxc7+ 1-0